Côtes du littoral français - Statistiques

Statistiques générales
  • Ce quiz a été pris 68 fois
  • Le résultat moyen est 10 sur 39
Statistiques - réponses
Région Réponse % Correct
Hauts de France Opale
82%
PACA Azur
78%
Bretagne Emeraude
71%
Nouvelle Aquitaine Argent
47%
Nouvelle Aquitaine Basque
45%
Occitanie Vermeille
45%
Normandie Albâtre
39%
Normandie Nacre
33%
PACA Bleue
31%
Bretagne Granite Rose
31%
Bretagne Iroise
29%
Pays de la Loire Jade
29%
Nouvelle Aquitaine Sauvage
29%
Bretagne Cornouaille
27%
Occitanie Améthyste
24%
Pays de la Loire Amour
24%
Pays de la Loire Lumière
24%
Normandie Fleurie
22%
PACA Camarguaise
18%
Bretagne Abers
16%
PACA Esterel
16%
Hauts de France Picarde
16%
PACA Riviera
16%
Nouvelle Aquitaine Beauté
14%
Normandie des Havres
14%
Nouvelle Aquitaine Fleurs
14%
Bretagne Goëlo
14%
Bretagne Légendes
14%
Normandie Mont Saint Michel
14%
Normandie Déroute
12%
PACA Maures
12%
Bretagne Mégalithes
12%
Bretagne Penthièvre
12%
Bretagne Ceinture dorée
10%
Hauts de France Dunes de Flandres
10%
Normandie Grâce
10%
Bretagne Saint Brieuc
10%
Normandie des Isles
8%
Normandie Bessin
6%
Aucun quiz correspondant
Distribution des résultats
% des personnes avec chaque résultat
Percentile par nombre de réponses
Votre historique - résultats
Vous n’avez pas pris ce quiz